NHL Reverse Retro Jerseys - Statistics

General Stats
  • This quiz has been taken 47 times
  • The average score is 30 of 32
Answer Stats
Picture Hint Answer % Correct
1995 Boston Bruins
98%
1992 Pittsburgh Penguins
98%
2005 Washington Capitals
98%
1998 Arizona Coyotes
95%
1995 Calgary Flames
95%
2022 Carolina Hurricanes
95%
1993 Dallas Stars
95%
1995 Las Vegas Golden Knights
95%
1982 New Jersey Devils
95%
1974 Philadelphia Flyers
95%
2022 Seattle Kraken
95%
1966 St. Louis Blues
95%
1990 Winnipeg Jets
95%
1993 Anaheim Ducks
93%
1996 Buffalo Sabres
93%
1938 Chicago Blackhawks
93%
1991 Detroit Red Wings
93%
1978 Minnesota Wild
93%
1979 Montreal Canadiens
93%
1995 New York Islanders
93%
1996 New York Rangers
93%
1974 San Jose Sharks
93%
1997 Tampa Bay Lightning
93%
1962 Toronto Maple Leafs
93%
2003 Columbus BLue Jackets
90%
2001 Nashville Predators
90%
2006 Ottawa Senators
90%
2001 Edmonton Oilers
88%
2009 Florida Panthers
88%
1982 Los Angeles Kings
88%
1995 Colorado Avalanche
85%
1962 Vancouver Canucks
78%
No matching quizzes found
Score Distribution
Percent of People with Each Score
Percentile by Number Answered
Your Score History
You have not taken this quiz